000
00309nam a22001337a 4500
008
171030b xxu||||| |||| 00| 0 eng d
020
_a
9781557860712
041
_a
eng
080
_a
336
100
_a
56
101
_a
FIN
245
_a
EXPLORATIONS IN THE MONETARY ECONOMICS
_c
COWEN.T
942
_2
udc
_c
BK
999
_c
36387
_d
36387